000 00480nam a2200181Ia 4500
005 20250923144518.0
008 008 250917s9999 xx 000 0 eng d
037 _aTextual
040 _aDSWL
_beng
_cDSWL
041 _aeng
_2eng
084 _qDSWL
100 _aWoods, C.A.
_9825628
245 0 _aIndian community of Nepal
_cby C.A. Woods
260 _aLondon
_bOxford Univ Press
_c1954
300 _ax,102p.
942 _cTEXL
999 _c1439844
_d1439844